LIBRARY & INFORMATION CENTRE, KCAET, TAVANUR

ONLINE PUBLIC ACCESS CATALOGUE (OPAC)

Manushyante Roopangal / (Record no. 1227)

MARC details
000 -LEADER
fixed length control field 00425cam a2200181ua 4500
041 ## - LANGUAGE CODE
Language code of text/sound track or separate title mal
082 ## - DEWEY DECIMAL CLASSIFICATION NUMBER
Classification number 894.812
Item number YAS/MA
100 ## - MAIN ENTRY--AUTHOR NAME
Personal name Yaspal, .
245 ## - TITLE STATEMENT
Title Manushyante Roopangal /
260 ## - PUBLICATION, DISTRIBUTION, ETC. (IMPRINT)
Place of publication Ernakulam :
Name of publisher C.I.C.C Book house ,
Year of publication 1949.
300 ## - PHYSICAL DESCRIPTION
Number of Pages 538 ; .
942 ## - ADDED ENTRY ELEMENTS (KOHA)
Koha item type Books
Holdings
Withdrawn status Lost status Damaged status Home library Current library Date acquired Full call number Accession Number Koha item type Public note
Withdrawn     KAUAET KAUAET 07/04/2012 894.812 10228 Books  
Withdrawn     KAUAET Malayalam University 07/04/2012 894.812 10226 Books Transferred to Malayalam University
free website counter